000 00503cam a22002051 4500
001 ne 62001776
003 DLC
005 20260227111739.0
008 890301s1961 xx 000 0 ara
010 _ane 62001776
035 _a(OCoLC)23495562
040 _aDLC
_cMiU
_dDLC
042 _apremarc
050 0 0 _aPJ7816.I53
_bN5
100 0 _aBint al-Shāṭiʼ.
245 1 0 _aNisāʼ al-Nabī.
260 _c[1961?]
300 _a214 p.
_c24 cm.
600 0 0 _aMuḥammad,
_cProphet,
_d-632
_vFiction.
999 _c45375
_d45375